Derecho mercantil I... / (Record no. 102198)

MARC details
000 -LEADER
campo de control de longitud fija 00617nam a2200181 i 4500
001 - NÚMERO DE CONTROL
campo de control 102198
003 - IDENTIFICADOR DE NÚMERO DE CONTROL
campo de control ES-MaACL
005 - FECHA Y HORA DE LA ÚLTIMA TRANSACCIÓN
campo de control 20250829062531.0
007 - CAMPO FIJO DE DESCRIPCIÓN FÍSICA--INFORMACIÓN GENERAL
campo de control de longitud fija t|
008 - DATOS DE LONGITUD FIJA--INFORMACIÓN GENERAL
campo de control de longitud fija 051107s1984 sp ||||1| spa d
100 1# - ENTRADA PRINCIPAL--NOMBRE DE PERSONA
Nombre de persona Menéndez Menéndez, Aurelio.
9 (RLIN) 80305
245 10 - MENCIÓN DEL TÍTULO
Título Derecho mercantil I... /
Mención de responsabilidad, etc. bajo la dirección del Dr. Aurelio Menéndez Menéndez.
260 ## - PUBLICACIÓN, DISTRIBUCIÓN, ETC.
Lugar de publicación, distribución, etc. Madrid :
Nombre del editor, distribuidor, etc. Universidad Nacional de Educación a Distancia,
Fecha de publicación, distribución, etc. 1984.
300 ## - DESCRIPCIÓN FÍSICA
Extensión 520 p. ;
Dimensiones 30 cm.
710 2# - ENTRADA AGREGADA--NOMBRE DE ENTIDAD CORPORATIVA
Nombre de entidad corporativa o nombre de jurisdicción como elemento de entrada Universidad Nacional de Educación a Distancia (España)
9 (RLIN) 7405
852 ## - LOCALIZACIÓN
Ubicación ES-MaACL
Número de control de estantería L-6996
Sublocalización o colección R.108022
Holdings
Estatus retirado Estado de pérdida Estado de daño No para préstamo Biblioteca de origen Biblioteca actual Ubicación en estantería Fecha de adquisición Fuente de adquisición Total de préstamos Signatura topográfica completa Código de barras Visto por última vez Precio de reemplazo Tipo de ítem Koha
        Biblioteca del Ateneo de Madrid Biblioteca del Ateneo de Madrid Depósito 2 17/01/2008     L-6996 1106684 23/02/2023 23/02/2023 Libro impreso